000 01885nam a2200229 a 4500
001 BRCA_8925
005 20190320210447.0
008 280617s1743----po-#######---#000-0#por-#
041 _apor
044 _apo
084 _aLE10
_b.G68 1743
100 1 _aGouvea, Manoel de
_922186
245 1 0 _aFeniz gloriosa entre aromas da devoc¸am renascida e em annuaes diarios eternizada
_bsegunda parte em practicas, esermoens políticos, Panegyricos, e Morales, da sacratissima Virgem Senhora Nossa, do Glorioso S. Jozé nosso Senior, da insigne Matrona a senhora Santa Anna, e das dores da May de deos nador da sua soledade
_cpor Fr. Manoel de Gouvea Augustiniano; offerecida A´Feniz Melhor Da Graca, sempre única, e inmortal Feniz a May de Deos na sua sacratissima, e gloriosissima assumpc, am.
260 _aLisboa
_bNa offiicina de Joam Bautista Lerzo
_c1743
300 _a[22], 383 p.
_b19.4 x 15.5 cm
500 _aCom todas as licenzas necessarias
500 _aEstado físico: presenta encuadernación en pergamino con cintas rotas y lomo semi desprendido
500 _aCon marca de fuego: “Procedencia de la marca: Colegio de la Santa Cruz de Querétaro(1)(2). Institución: Congregación de Propaganda Fide Descripción: Monograma ´SATO´ que se desata como San Antonio. Le sigue la abreviatura: ´Q´ de Querétaro. Corona el monograma y la inicial la palabra ´posto´ que podría hacer referencia a ´Apostólico´. Observaciones: Esta marca no se localiza en los catálogos impresos anteriores. La primera imagen de la marca de fuego corresponde al libro modelo ya que está más clara y definida. Sin embargo, el testimonio de pertenencia y la segunda imagen de la marca de fuego, pertenece al segundo ejemplar. Ubicación de la marca en el libro: Canto superior y frontal.”
650 1 4 _aSermones portugueses
_ySiglo XVIII
_922187
902 _aCFM
942 _2lcc
_cB
999 _c8576
_d8576